[Event "Unterfranken-ch HB 45th"]
[Site "Oberweissenbrunn"]
[Date "1994.??.??"]
[Round "5"]
[White "Klueber, Werner"]
[Black "Eisenmann, Martin"]
[Result "1-0"]
[WhiteElo "1665"]
[BlackElo "1414"]
[PlyCount "95"]
[EventDate "1994.04.04"]
[EventType "swiss"]
[EventRounds "9"]
[EventCountry "GER"]
[SourceTitle "EXT 2015"]
[Source "ChessBase"]
[SourceDate "2014.11.20"]
[SourceVersion "1"]
[SourceVersionDate "2014.11.20"]
[SourceQuality "1"]

1. d4 d5 2. c4 dxc4 3. e3 b5 4. a4 Bf5 5. Qf3 Bxb1 6. Qxa8 Bg6 7. axb5 e6 8. Bxc4 Nf6 9. Nf3 Bb4+ 10. Bd2 Bxd2+ 11. Nxd2 0-0 12. Qxa7 Qd6 13. Qa3 Qb6 14. 0-0 h6 15. Qc5 Nbd7 16. Qxb6 Nxb6 17. Be2 Nfd5 18. Rfc1 Rc8 19. Nf3 f6 20. Ne1 Kf8 21. Bd3 Bh5 22. Ra7 f5 23. g3 Be8 24. Bf1 c6 25. bxc6 Rxc6 26. Rxc6 Bxc6 27. Nd3 Bb5 28. Nc5 Bxf1 29. Kxf1 Nc4 30. Nxe6+ Kg8 31. Nxg7 Nxb2 32. Nxf5 Nc3 33. Nxh6+ Kf8 34. Rb7 Nbd1 35. d5 Nxd5 36. Rd7 N1c3 37. Rxd5 Nxd5 38. Ng4 Kg7 39. Ke2 Kg6 40. f3 Nf6 41. Nxf6 Kxf6 42. Kd3 Ke5 43. h3 Kf5 44. Kd4 Kg5 45. Ke5 Kg6 46. g4 Kg5 47. f4+ Kh4 48. g5 1-0